000 00646cam a22002413a 4500
001 30763
003 PGUSA
005 20140828083651.0
008 091226s2009||||xxu|||||s|||||000 1 eng d
040 _aPGUSA
_beng
042 _adc
100 1 _aHall, James R.
245 1 0 _aAm I Still There?
_h[electronic resource] /
_cJames R. Hall
260 _bProject Gutenberg,
_c2009
506 _aPublic domain in the USA.
516 _aElectronic text
653 _aShort stories
653 _aScience fiction
700 1 _aSummers, Leo
830 0 _aProject Gutenberg
_v30763
856 4 0 _uhttp://www.gutenberg.org/ebooks/30763
942 _cEB
999 _c260018
_d260018